000 01469nam a2200397 i 4500
001 196313
003 ES-MaACL
005 20241012063108.0
007 ta
008 2409 s2018 sp a | |||| 000 0 spa
017 _aM 985-2018
_bOficina Depósito Legal Madrid
020 _a9788417506421
035 _a(OCoLC)1192391961
035 _a(SpMaBN)a6335157
035 _a991015685209708606
040 _aSpMaBN
_bspa
_cSpMaBN
_erdc
_dES-MaACL
080 _a612.8(091)
100 0 _aAlonso, José Ramón
_920217
245 1 0 _aDel alma a la neurociencia :
_bbreve historia del conocimiento sobre el cerebro /
_cJosé Ramón Alonso, Irene Alonso Esquisábel.
260 _a[Barcelona] :
_bEMSE EDAPP,
_cD.L. 2018.
300 _a142 p. :
_bil. ;
_c24 cm
337 _asin mediación
_2isbdmedia
338 _2rdacarrier
_avolumen
490 1 _aNeurociencia & psicología
504 _aBibliografía: p. [143]-144
650 0 _aNeurociencia cognitiva
_vHistoria
_2embne
_9239106
700 1 _aAlonso Esquisábel, Irene
_4aut
_9238671
830 _aNeurociencia & psicología
_9239113
852 _aES-MaACL
_cDEPO1
_hDonación: José Manuel Duarte Cendán
_9204031
_jA-15372
901 _aMON1811
903 _9238529
_aDuarte Cendán, José Manuel
_q1
_ednr
942 _n0
_cMONOGRAFIA
999 _c196313
_d196313